Statistics for Guess the Taylor swift Album by Photo (Hard)

Click here to take the quiz!

General Stats

  • This quiz has been taken 39 times
  • The average score is 4 of 6

Answer Stats

Answer% Correct
Folklore
86%
Fearless TV
82%
Reputation
79%
Debut
54%
Midnights
50%
The Tortured Poets Department
32%

Score Distribution

Percentile by Number Answered

Percent of People with Each Score

Your Score History

You have not taken this quiz